AutoCad R14 T.1
Nội dung cuốn sách trình bày gồm 16 chương: Tạo và in bản vẽ; Tìm hiểu môi trường đồ họa; Các lựa chọn để khởi tạo bản vẻ; Những khái niềm về các thuộc tính của đối tượng; Tạo cấc đối tượng cơ bản một cách chính xác; Hiệu chỉnh những đối tượng cơ bản; Các đối tượng vẽ cao cấp...
Đã lưu trong:
| Tác giả chính: | |
|---|---|
| Định dạng: | Sách |
| Năm xuất bản: |
H.
giáo dục
1998
|
| Chủ đề: | |
| Tags: |
Thêm thẻ
Không có thẻ, Hãy là người đầu tiên gắn thẻ bản ghi này!
|
| LEADER | 01070nam a2200181 4500 | ||
|---|---|---|---|
| 082 | |a 006.6 |b B510K | ||
| 100 | |a Bùi Kiến Quốc | ||
| 245 | |a AutoCad R14 |c Bùi Kiến Quốc |n T.1 | ||
| 260 | |a H. |b giáo dục |c 1998 | ||
| 300 | |a 306 tr. |c 27cm | ||
| 520 | |a Nội dung cuốn sách trình bày gồm 16 chương: Tạo và in bản vẽ; Tìm hiểu môi trường đồ họa; Các lựa chọn để khởi tạo bản vẻ; Những khái niềm về các thuộc tính của đối tượng; Tạo cấc đối tượng cơ bản một cách chính xác; Hiệu chỉnh những đối tượng cơ bản; Các đối tượng vẽ cao cấp | ||
| 653 | |a Tin học | ||
| 653 | |a Autocad | ||
| 653 | |a Đồ họa máy tính | ||
| 942 | |2 ddc |c STK0 | ||
| 999 | |c 10813 |d 10813 | ||
| 952 | |0 0 |1 0 |2 ddc |4 0 |6 006_600000000000000_B510K |7 0 |8 000 |9 93428 |a qbu |b qbu |c D2 |d 2015-09-11 |g 45000 |o 006.6 B510K |p 7333.c1 |r 0000-00-00 |w 2015-09-11 |y STK0 | ||
| 952 | |0 0 |1 0 |2 ddc |4 0 |6 006_600000000000000_B510K |7 0 |8 000 |9 93429 |a qbu |b qbu |c D2 |d 2015-09-11 |g 45000 |o 006.6 B510K |p 7333.c2 |r 0000-00-00 |w 2015-09-11 |y STK0 | ||